Simone de Beauvoir : (Record no. 122619)
[ view plain ]
| 000 -LEADER | |
|---|---|
| fixed length control field | 01092cam a2200337 a 4500 |
| 001 - CONTROL NUMBER | |
| control field | 831155 |
| 003 - CONTROL NUMBER IDENTIFIER | |
| control field | ARRUPE |
| 005 - DATE AND TIME OF LATEST TRANSACTION | |
| control field | 20150409144959.0 |
| 008 - FIXED-LENGTH DATA ELEMENTS--GENERAL INFORMATION | |
| fixed length control field | 900427s1990 nyuacf b 001 0beng |
| 010 ## - LIBRARY OF CONGRESS CONTROL NUMBER | |
| LC control number | 89022029 |
| 020 ## - INTERNATIONAL STANDARD BOOK NUMBER | |
| International Standard Book Number | 0671606816 : |
| Terms of availability | $29.95 |
| 035 ## - SYSTEM CONTROL NUMBER | |
| System control number | (OCoLC)20593361 |
| 035 ## - SYSTEM CONTROL NUMBER | |
| System control number | (OCoLC)ocm20593361 |
| 035 ## - SYSTEM CONTROL NUMBER | |
| System control number | (CStRLIN)NYCG90-B27961 |
| 035 ## - SYSTEM CONTROL NUMBER | |
| System control number | (NNC)831155 |
| 040 ## - CATALOGING SOURCE | |
| Modifying agency | COc |
| -- | CBu |
| -- | CSmat |
| -- | NNC |
| Transcribing agency | Arrupe |
| 043 ## - GEOGRAPHIC AREA CODE | |
| Geographic area code | e-fr--- |
| 050 0# - LIBRARY OF CONGRESS CALL NUMBER | |
| Classification number | PQ2603.E362 |
| Item number | Z59 1990 |
| 082 0# - DEWEY DECIMAL CLASSIFICATION NUMBER | |
| Classification number | 848/.91409 |
| -- | B |
| Edition number | 20 |
| 090 ## - LOCALLY ASSIGNED LC-TYPE CALL NUMBER (OCLC); LOCAL CALL NUMBER (OCLC) | |
| Classification number (OCLC) (R) ; Classification number, CALL (RLIN) (NR) | PQ2603.E362 |
| Local cutter number (OCLC) ; Book number/undivided call number, CALL (RLIN) | Z59 1990 |
| 300 ## - PHYSICAL DESCRIPTION | |
| Other physical details | ill., ports. ; |
| Dimensions | 24 cm. |
| 100 1# - MAIN ENTRY--PERSONAL NAME | |
| Personal name | Bair, Deirdre. |
| 9 (RLIN) | 17049 |
| 245 10 - TITLE STATEMENT | |
| Title | Simone de Beauvoir : |
| Remainder of title | a biography / |
| Statement of responsibility, etc | Deirdre Bair. |
| 260 ## - PUBLICATION, DISTRIBUTION, ETC. (IMPRINT) | |
| Place of publication, distribution, etc | New York : |
| Name of publisher, distributor, etc | Summit Books, |
| Date of publication, distribution, etc | c1990. |
| 300 ## - PHYSICAL DESCRIPTION | |
| Extent | 718 p., [16] p. of plates : |
| 504 ## - BIBLIOGRAPHY, ETC. NOTE | |
| Bibliography, etc | Includes bibliographical references (p. 619-679) and index. |
| 600 10 - SUBJECT ADDED ENTRY--PERSONAL NAME | |
| Personal name | Beauvoir, Simone de, |
| Dates associated with a name | 1908-1986 |
| Form subdivision | Biography. |
| 9 (RLIN) | 17050 |
| 650 #0 - SUBJECT ADDED ENTRY--TOPICAL TERM | |
| Topical term or geographic name as entry element | Authors, French |
| Chronological subdivision | 20th century |
| Form subdivision | Biography. |
| 9 (RLIN) | 17051 |
| 650 #0 - SUBJECT ADDED ENTRY--TOPICAL TERM | |
| Topical term or geographic name as entry element | Feminists |
| Geographic subdivision | France |
| Form subdivision | Biography. |
| 9 (RLIN) | 17052 |
| 942 ## - ADDED ENTRY ELEMENTS (KOHA) | |
| Source of classification or shelving scheme | Library of Congress Classification |
| Koha item type | Monograph ( Printed materials) |
| Withdrawn status | Lost status | Source of classification or shelving scheme | Damaged status | Not for loan | Collection code | Home library | Current library | Shelving location | Date acquired | Total Checkouts | Full call number | Barcode | Date last seen | Price effective from | Koha item type |
|---|---|---|---|---|---|---|---|---|---|---|---|---|---|---|---|
| Library of Congress Classification | Main Collection | ARRUPE LIBRARY | ARRUPE LIBRARY | Main Collection | 09/04/2015 | PQ2603.E362 Z59 1990 | 46500002487 | 26/03/2019 | 09/04/2015 | Monograph ( Printed materials) |